000 01222naa a2200325 c 4500
001 30254
003 ES-MaCES
005 19990528131500.0
008 980618n1998 sp ||| | spa d
035 _aCES19980042039v
040 _aES-MaCES
_bspa
_cES-MaCES
100 1 _aAuvergnon, Philippe
_96747
245 1 3 _aEl trabajo de los minusválidos en Francia
_b: la Ley y su utilización
_cPhilippe Auvergnon
610 1 4 _aFrancia
_tLey sobre el empleo de los trabajadores minusválidos
_d1987
_93692
650 4 _a1987
_930861
650 4 _alegislación del trabajo
_927166
650 4 _aFrancia
_926943
650 4 _ainserción profesional
_929942
650 4 _aintegración de las personas con discapacidad
_929681
650 4 _aderechos de las personas con discapacidad
_929698
650 4 _aresponsabilidad del empleador
_930146
650 4 _aempleo protegido
_929334
650 4 _aempleo reservado
_929337
650 4 _atrabajador con discapacidad
_928406
653 1 0 _aEmpleo
773 0 _tRelaciones laborales
_gAño 9, n. 9 (8 may. 1993){10194 R. 001570}; p. 102-120
_w(ES-MaCES)25210
_942687
902 _aART Artículo de revista
942 _2CES
_cAR
_h2.1.
999 _c30254
_d30254